000 01205nam a2200301 i 4500
003 EG-GICUC
005 20260121101246.0
008 251119s2010 ua ||||fr|||| 001 0 ara d
040 _a EG-GICUC
_bara
_c EG-GICUC
_d EG-GICUC
_erda
041 _aara
082 0 4 _a343.26
_bط ا . أ
_221
092 0 4 _221
099 _aLaw1 10 343.26 ط ا . أ 2010 1004787
100 0 _aطارق سرور.
_eمؤلف.
245 1 0 _aأحكام الجرائم الماسة بالشرف والاعتبار الواقعة على غير آحاد الناس :
_bالموظف العام أو من في حكمة /
_cالدكتور طارق سرور.
264 1 _aالقاهرة :
_bدار النهضة العربية،
_c2010.
300 _a221 صفحة ؛
_c24 سم.
336 _2rda content
_atext
337 _2rda media
_aComputer
338 _2rda carrier
_aOnline Resource
504 _aيشتمل على ارجاعات ببليوجرافية.
546 _aالنص باللغة العربية
650 1 _aالجرائم الماسة بالشرف والاعتبار
_2qrmak
651 1 _2qrmak
856 4 0 _uhttps://fll.law.cu.edu.eg/fulltext/bks/B10-04787.pdf
905 _a18
942 _2ddc
_n0
_cBK
_e21
999 _c44689
_d44689